000 01380nad a2200385 a 4500
001 MIU01000000000000005809578
003 MiU
005 20231010141111.0
007 cr mnummmmuuuu
008 911219t19901986enk sb 001 0 eng d
020 _z0198264569
020 _z9780198264569
024 7 _a2027/heb03026
_2hdl
040 _aMiU
_cMiU
090 _aBX300
_b(INTERNET)
100 1 _aHussey, J. M.
_q(Joan Mervyn)
_937297
245 1 4 _aThe Orthodox Church in the Byzantine Empire
_h[electronic resource] /
_cJ.M. Hussey.
250 _a1st Clarendon pbk. ed.
300 _axxvii, 408 p. :
_bmaps ;
_c24 cm.
504 _aIncludes bibliography (p. 368-279) and index.
500 _aFolding map at back of book.
610 2 0 _aOrthodox Eastern Church
_zByzantine Empire.
_937298
651 0 _aByzantine Empire
_xChurch history.
_937299
830 0 _aACLS Humanities E-Book.
_937300
856 4 0 _zVolltext
_uhttps://hdl.handle.net/2027/heb03026
942 _cEB
500 _aE-Book-ACLS / Zugriff nur im DHI-Lesesaal
336 _2rdacontent
_btxt
_aText
337 _2rdamedia
_bbc
_aComputermedien
338 _2rdacarrier
_bcr
_aOnline Ressource
264 _aOxford :
_bClarendon,
_c1990, c1986.
490 _aOxford history of the Christian church
041 _aeng
500 _aAmerican Council of Learned Societies/ https://www.humanitiesebook.org/about/
999 _c65382
_d65382